000
00307nam a2200121Ia 4500
008
220204s9999 xx 000 0 und d
082
_a
579.222
_b
GOT
100
_a
GOTTSCHALK, Gerhard
245
0
_a
Bacterial metabolism
260
_a
New York
_b
Springer
_c
1979
650
_a
Bacterial metabolism
942
_c
BK
999
_c
33696
_d
33696